000 00468pab a2200181 454500
008 180718b2013 xxu||||| |||| 00| 0 eng d
100 _aRamaswamy, Ramakrishna
245 _aScience, education, and research in India
260 _c2013
300 _ap.20-23.
362 _aOct
650 _aReserach - India
650 _aScience education - India
650 _aScience education
773 _aEconomic and Political Weekly
908 _aN
909 _a103016
999 _c103013
_d103013